000 00559nam a22001937a 4500
003 OSt
005 20170518102759.0
008 170220b xxu||||| |||| 00| 0 eng d
020 _a 9780136135371
040 _aMMU
_beng
_cMMU
_dMMU
050 _aRT41.F86 2010
100 _aKozier Barbara
245 _aFundamentals of canadian nursing:
_bConcepts .process, and practice/
_cBarbara Kozier...{et al.}.
250 _a2rd canadian ed.
260 _aToronto:
_bPearson,
_c2010.
300 _axxxv 1595 p.;
_bill.:
650 _aNursing
942 _2lcc
_cLOAN LOAN
999 _c23134
_d23134